LEADER 01312nam a2200277 u 4500 001 000000049718 003 CaOOAMICUS 005 20070226115137.0 008 000710r19691899stk u000 u eng u 035 $a10851928 040 $aPUL(R)$bita 100 1 $aSmith, Henry Preserved,$d1847-1927.$0(OLS)http://pul/name/24569 245 12$aA critical and exegetical commentary on the Books of Samuel /$cby Henry Preserved Smith .. 260 $aEdinburgh :$bT. & T. Clark,$c1969. 300 $axxxix, 421 p. ;$c22 cm 490 1 $aInternational critical commentary on the Holy Scriptures of the Old and New Testaments 500 $aInclude indici. 500 $aRistampa della 1. ed. del 1899. 630 04$aBiblia.$pV.T.$pSamuelis I-II$xCommenti.$0(OLS)http://pul/subject/37746 830 0$aInternational critical commentary on the Holy Scriptures of the Old and New Testaments.$0(OLS)http://pul/title/41926 850 $aPUL 852 $aPUL$W1$xDP1 Fondo Ciprotti$y59$m1533 G 15$j66012$nBK-PRI$b $qFondi$B66012$CPULBib$Z2$F66012 $H $81 941 1 $a1 961 $aINV: 0412. Fondo Ciprotti 996 $6245$aA critical and exegetical commentary on the Books of Samuel$9(OLS)http://pul/title/41941 996 $6260$aEdinburgh :$bT. & T. Clark$9(OLS)http://pul/publisher/51693 LEADER 01519nam a2200265 a 4500 001 000000163786 003 CaOOAMICUS 005 20171026162438.0 008 171026s1974 it m u000 udspa r 032 $aLibriCat 040 $aPUL$bita 100 1 $aPastor, Gerardo.$0(OLS)http://pul/name/105224 245 00$aAnįlisis de contenido en los casos de abandono de la vida religiosa : $bestudio de los moventes manifiestos (no latentes) aducidos por los individuos que abandonaron sus Ordenes o Congregaciones religiosas durante el ańo 1972 / $cGerardo Pastor. 260 $aRomae :$b[s.n.],$c1974. 300 $a366 p. ; $c24 cm. 502 $aTesi. Universitą Pontificia Salesiana. Facoltą di Scienze dell'Educazione.1974. 504 $aBibliografia in nota a pič pagina. 650 04$aOrdini religiosi.$0(OLS)http://pul/subject/1696 710 2 $aPontificia Universitą Salesiana.$bFacoltą di scienze dell'educazione.$kTesi.$0(OLS)http://pul/name/81614 850 $aPUL 852 $aPUL$W1$xDP1 Tesi Pon. Univ. Salesiana$y46$mTH SAL 131$j187922$qTesi$B191039$CPULBib$Z2$F191039 $H41151 $82 941 1 $a16 996 $6245$aAnįlisis de contenido en los casos de abandono de la vida religiosa : $bestudio de los moventes manifiestos (no latentes) aducidos por los individuos que abandonaron sus Ordenes o Congregaciones religiosas durante el ańo 1972 / $9(OLS)http://pul/title/203491 996 $6260$aRomae :$b[s.n.]$9(OLS)http://pul/publisher/48223